[Event "?"]
[Site "?"]
[Date "2014.06.01"]
[Round "6"]
[White "DELBOE, Christian"]
[Black "CLAUZEL, Andre"]
[Result "1-0"]
[WhiteElo "1640"]
[BlackElo "1638"]
[PlyCount "54"]
[SourceDate "2014.05.30"]

1. Nf3 Nf6 2. g3 g6 3. Bg2 Bg7 4. O-O O-O 5. d3 d5 6. Nbd2 c5 7. c4 d4 8. Nb3
Qb6 9. e4 dxe3 10. Bxe3 Nfd7 11. Qc2 Nc6 12. a3 a5 13. Rab1 a4 14. Nbd2 Nd4 15.
Bxd4 cxd4 16. Rfe1 e5 17. b4 axb3 18. Rxb3 Qc5 19. Qb2 f5 20. Re2 Ra5 21. Ng5
Nf6 22. Bxb7 Bxb7 23. Rxb7 Qxa3 24. Qb6 Ne8 25. Qe6+ Kh8 26. Nf7+ Rxf7 27. Qxf7
Qf8 1-0

[Event "?"]
[Site "?"]
[Date "2014.06.01"]
[Round "6"]
[White "ROMAN, Hugo"]
[Black "DELAVALADE, Philippe"]
[Result "1-0"]
[WhiteElo "1862"]
[BlackElo "1910"]
[PlyCount "49"]
[SourceDate "2014.05.30"]

1. d4 Nf6 2. c4 g6 3. g3 Bg7 4. Bg2 O-O 5. Nc3 c6 6. e4 d6 7. Nge2 e5 8. d5
cxd5 9. cxd5 Nbd7 10. O-O Nb6 11. b3 Bd7 12. a4 Rc8 13. Nb5 Ne8 14. Ba3 Bxb5
15. axb5 Ra8 16. Qd3 a6 17. Bb4 axb5 18. Qxb5 Ra6 19. Rxa6 bxa6 20. Qxa6 Qb8
21. Ba5 Nd7 22. b4 f5 23. Rb1 Rf6 24. Nc3 Nc7 25. Qc6 1-0

[Event "?"]
[Site "?"]
[Date "2014.06.01"]
[Round "6"]
[White "POLAT, Pierre"]
[Black "CLAUZEL, Andre"]
[Result "1-0"]
[WhiteElo "1788"]
[BlackElo "1530"]
[PlyCount "111"]
[SourceDate "2014.05.30"]

1. e4 e5 2. Nf3 d6 3. Bc4 Nc6 4. d3 Nf6 5. h3 Be7 6. Be3 O-O 7. Nbd2 a6 8. c3
b5 9. Bb3 Na5 10. Bc2 c5 11. O-O Bb7 12. Re1 Qc7 13. d4 Nc4 14. Nxc4 bxc4 15.
dxe5 dxe5 16. Bg5 Nh5 17. Bxe7 Qxe7 18. Qe2 Qe6 19. b3 Nf4 20. Qf1 cxb3 21.
axb3 a5 22. Kh2 Ba6 23. c4 Bb7 24. g3 Ng6 25. Qe2 f5 26. exf5 Rxf5 27. Bxf5
Qxf5 28. Nd2 Rf8 29. Rf1 Bc8 30. g4 Qf4+ 31. Kg1 Bb7 32. Qe3 Qf6 33. Ne4 Bxe4
34. Qxe4 Nf4 35. Qe3 Qc6 36. f3 Nxh3+ 37. Kg2 Nf4+ 38. Kg3 Qc7 39. Rae1 e4 40.
Qxe4 Nd3+ 41. Kg2 Nf4+ 42. Kh1 Qd6 43. Rf2 Nh3 44. Rh2 Ng5 45. Qd5+ Qxd5 46.
cxd5 Nxf3 47. Rc1 Nd4 48. Rxc5 Nxb3 49. Rb5 a4 50. Ra2 Nd4 51. Ra5 Nf3 52.
R5xa4 h6 53. d6 Kh7 54. d7 Ne1 55. Ra8 Rf1+ 56. Kh2 1-0

[Event "?"]
[Site "?"]
[Date "2014.06.01"]
[Round "6"]
[White "CHAIGNET, Lucas"]
[Black "DEVILLE, Olivier"]
[Result "1/2-1/2"]
[WhiteElo "1628"]
[BlackElo "1940"]
[PlyCount "105"]
[SourceDate "2014.05.30"]

1. e4 c5 2. Nf3 d6 3. d4 cxd4 4. Nxd4 Nf6 5. Nc3 a6 6. f4 e5 7. Nf3 Nbd7 8. a4
Be7 9. Bd3 O-O 10. O-O b6 11. Qe2 Bb7 12. Bd2 Qc7 13. Rad1 Rfe8 14. fxe5 dxe5
15. Qe1 Nc5 16. Qg3 Ncxe4 17. Nxe4 Nxe4 18. Bxe4 Bxe4 19. Bc3 Bd6 20. Rde1 Bxf3
21. Qxf3 Bc5+ 22. Kh1 Bd4 23. Bxd4 exd4 24. Qd3 Red8 25. Re4 Qc5 26. Rd1 g6 27.
h3 b5 28. Rxd4 Rxd4 29. Qxd4 Qxc2 30. axb5 axb5 31. Rd2 Ra1+ 32. Kh2 Qc7+ 33.
Qd6 Qxd6+ 34. Rxd6 Ra4 35. Kg3 Rc4 36. Rd5 b4 37. Rd3 Kg7 38. Kf3 g5 39. Kg3 h5
40. Kf3 f5 41. Kg3 Kf6 42. Kf3 g4+ 43. hxg4 fxg4+ 44. Kg3 Rc5 45. Rd4 Rb5 46.
Kf4 Ke6 47. Ke4 h4 48. Kf4 h3 49. Kg3 hxg2 50. Kxg2 Kf5 51. Kg3 Re5 52. Rf4+
Ke6 53. Rxb4 1/2-1/2

[Event "?"]
[Site "?"]
[Date "2014.06.01"]
[Round "6"]
[White "HERVAIS, Adrien"]
[Black "HENNUYER, Samuel"]
[Result "1-0"]
[WhiteElo "1973"]
[BlackElo "1745"]
[PlyCount "71"]
[SourceDate "2014.05.30"]

1. e4 e6 2. d4 f5 3. Bd3 d5 4. exf5 exf5 5. Nf3 Nf6 6. O-O Be7 7. Nh4 g6 8. Bg5
O-O 9. Re1 Ne4 10. Bxe7 Qxe7 11. Nf3 Nd7 12. Qc1 Ndf6 13. h3 c5 14. c4 Be6 15.
cxd5 Bxd5 16. Nc3 cxd4 17. Nxd5 Nxd5 18. Qc4 Rad8 19. Nxd4 Qh4 20. Bxe4 fxe4
21. Nf3 Rxf3 22. gxf3 Qg5+ 23. Kh1 exf3 24. Rg1 Qf5 25. Rg3 Rd7 26. Rd1 Kg7 27.
Qg4 Qxg4 28. hxg4 Nf6 29. Rxd7+ Nxd7 30. Rxf3 Ne5 31. Rf4 Nd3 32. Rd4 Nxb2 33.
Rb4 Nd3 34. Rxb7+ Kf6 35. Kg2 a6 36. Rb6+ 1-0

[Event "?"]
[Site "?"]
[Date "2014.06.01"]
[Round "7"]
[White "CLAUZEL, Andre"]
[Black "ALABART, Jeremie"]
[Result "1/2-1/2"]
[WhiteElo "1640"]
[BlackElo "1419"]
[PlyCount "35"]
[SourceDate "2014.05.30"]

1. d4 d5 2. c4 c6 3. cxd5 Qxd5 4. Nc3 Qd8 5. e4 g6 6. Nf3 Bg7 7. Bc4 e6 8. O-O
Nd7 9. a4 Ngf6 10. Bg5 Qb6 11. Qc2 O-O 12. h3 Re8 13. Be3 Qd8 14. Rad1 Nf8 15.
d5 cxd5 16. e5 N6d7 17. Bb5 a6 18. Bxd7 1/2-1/2

[Event "?"]
[Site "?"]
[Date "2014.06.01"]
[Round "7"]
[White "LOYARTE, Frederic"]
[Black "ASSELINEAU, Dominique"]
[Result "0-1"]
[WhiteElo "1439"]
[BlackElo "1646"]
[PlyCount "36"]
[SourceDate "2014.05.30"]

1. d4 Nf6 2. c4 g6 3. Nc3 d5 4. e3 Bg7 5. Nf3 c5 6. Be2 O-O 7. O-O Nc6 8. a3 e6
9. Re1 Na5 10. Nd2 dxc4 11. Nxc4 cxd4 12. Nxa5 dxc3 13. Qxd8 Rxd8 14. bxc3 Ne4
15. Rd1 Rxd1+ 16. Bxd1 b6 17. Nc6 Bb7 18. Ba4 Nxc3 0-1

[Event "?"]
[Site "?"]
[Date "2014.06.01"]
[Round "7"]
[White "HENNUYER, Samuel"]
[Black "SCHMEISSER, Alexandre"]
[Result "1-0"]
[WhiteElo "1745"]
[BlackElo "1774"]
[PlyCount "67"]
[SourceDate "2014.05.30"]

1. d4 f5 2. f4 e6 3. Nf3 Nf6 4. g3 Be7 5. Bg2 d6 6. c3 Bd7 7. Qb3 Qc8 8. Ng5
Nc6 9. Nd2 h6 10. Nh3 O-O 11. e4 Kh8 12. e5 Ng4 13. Nf3 d5 14. Nhg1 Na5 15. Qd1
Nc4 16. h3 Nge3 17. Bxe3 Nxe3 18. Qe2 Nxg2+ 19. Qxg2 a5 20. h4 h5 21. Ng5 Qe8
22. Qe2 b5 23. N1f3 b4 24. c4 c6 25. Rc1 Rc8 26. Nd2 a4 27. Kf2 Qg6 28. Rc2 c5
29. cxd5 cxd4 30. Rxc8 Rxc8 31. dxe6 Bxe6 32. Qa6 Bf7 33. Nxf7+ Qxf7 34. Qxc8+
1-0

[Event "?"]
[Site "?"]
[Date "2014.06.01"]
[Round "7"]
[White "LEBRUN, Yves"]
[Black "CHAIGNET, Lucas"]
[Result "0-1"]
[WhiteElo "1385"]
[BlackElo "1628"]
[PlyCount "66"]
[SourceDate "2014.05.30"]

1. Nf3 Nf6 2. g3 g6 3. Bg2 Bg7 4. Nc3 d6 5. d3 O-O 6. e4 e5 7. Bd2 Nc6 8. h3
Ne8 9. Qc1 f5 10. Bh6 Qf6 11. Nd5 Qf7 12. h4 fxe4 13. dxe4 Nd4 14. Bxg7 Kxg7
15. h5 Nxf3+ 16. Bxf3 Qxf3 17. h6+ Kh8 18. Rh2 Qxe4+ 19. Ne3 Nf6 20. Rh4 Qf3
21. Qd2 Ne4 22. Qe2 Qxe2+ 23. Kxe2 Nc5 24. Rf1 Be6 25. b3 Rf6 26. g4 Ne4 27. g5
Nxg5 28. Ng4 Bxg4+ 29. Rxg4 Ne6 30. Rb4 b6 31. c3 Raf8 32. Ke3 Rf3+ 33. Ke2
Rxc3 0-1